000 00434ntaaa2200181 4500
003 01
005 20251027202045.0
008 0714s1973 ag 01
040 _aAR-BaBN
_bspa
_cAR-BaBN
_eaacr
_dRIC
082 _a251.0700 V71n
100 _aVila, David
245 _aLa navidad, fiesta del Don Divino
250 _a1 ed.
260 _aTarrasa :
_bClie,
_c1973
300 _a60 p
650 _asermones radiales
_914618
942 _cBK
999 _c15394
_d15394